| 000 -GUIDE |
| Champ de contrôle de longueur fixe |
00959nam a22003257a 4500 |
| 003 - IDENTITÉ DU NUMÉRO DE CONTRÔLE |
| Champ de contrôle |
BI-BuBU |
| 008 - ÉLÉMENTS DE LONGUEUR FIXE - RENSEIGNEMENTS GÉNÉRAUX |
| Champ de contrôle de longueur fixe |
160309b2007 fr aaaafr|||| 000 0 fre d |
| 020 ## - INTERNATIONAL STANDARD BOOK NUMBER |
| ISBN |
9782742006786 |
| 037 ## - SOURCE D'ACQUISITION |
| Source d'acquisition et du numéro d'inventaire |
Achat PARES |
| 039 ## - NIVEAU DE CONTRÔLE BIBLIOGRAPHIQUE ET HISTORIQUE D'ENCODAGE [OBSOLETE] |
| Date creation |
20160309120307.0 |
| Nom catalographe |
Godeberthe Nsengimana |
| 040 ## - SOURCE DU CATALOGAGE |
| Organisme qui a effectué le catalogage original |
BI-BuBU |
| Organisme qui a effectué la transcription |
BI-BuBU |
| Organisme qui a effectué la modification |
BI-BuBU |
| 080 ## - INDICE DE LA CLASSIFICATION DÉCIMALE UNIVERSELLE (CDU) |
| Indice de la Classification décimale universelle |
616.12 |
| 082 ## - INDICE DE LA CLASSIFICATION DÉCIMALE DEWEY (CDD) |
| Indice de classification |
616.12 |
| 245 00 - MENTION DU TITRE |
| Titre |
Biologie et pathologie du coeur et des vaisseaux |
| Mention de responsabilité, etc. |
Patrick lacolley, Dominique Babuty, Chantal Boulanger, Bijan Ghaleh [et al] |
| 250 ## - MENTION D'ÉDITION |
| Mention d'édition |
nouv.éd. |
| 260 ## - PUBLICATION, DIFFUSION, ETC. (ADRESSE BIBLIOGRAPHIQUE) |
| Lieu de publication, diffusion, etc. |
Paris |
| Nom de l'éditeur, diffuseur, etc. |
John Libbey Eurotext |
| Date of publication, distribution, etc |
c2007 |
| 300 ## - DESCRIPTION MATÉRIELLE |
| Collation |
XVIII-677 p. |
| Dimensions |
27 cm. |
| 650 ## - VEDETTE-MATIÈRE - NOM COMMUN |
| Source du terme |
BI-BuBU |
| Vedette de sujet ou vedette comportant un nom géographique |
Vaisseau |
| Subdivision générale |
Biologie |
| 650 ## - VEDETTE-MATIÈRE - NOM COMMUN |
| Vedette de sujet ou vedette comportant un nom géographique |
Coeur |
| Subdivision générale |
Pathologie |
| 651 ## - VEDETTE-MATIÈRE - NOM GÉOGRAPHIQUE |
| Source du terme |
BI-BuBU |
| 654 ## - VEDETTE-MATIÈRE - TERMES À FACETTES |
| Source du terme |
BI-BuBU |
| 655 ## - TERME D'INDEXATION - GENRE OU FORME |
| Source du terme |
BI-BuBU |
| 662 ## - VEDETTE-MATIÈRE - NOM HIÉRARCHIQUE DE LIEU |
| Source du terme |
BI-BuBU |
| 690 ## - VEDETTE MATIÈRE LOCALE --VEDETTE (OCLC, RLIN) |
| Source du terme |
BI-BuBU |
| 700 1# - VEDETTE SECONDAIRE - NOM DE PERSONNE |
| Code de relation |
aut. |
| Nom d'auteur |
Lacolley, Dominique |
| 700 1# - VEDETTE SECONDAIRE - NOM DE PERSONNE |
| Code de relation |
aut. |
| Nom d'auteur |
Babuty, Dominique |
| 700 1# - VEDETTE SECONDAIRE - NOM DE PERSONNE |
| Code de relation |
aut. |
| Nom d'auteur |
Boulanger,Chantal |
| 942 ## - ÉLÉMENTS D'ENTRÉE ADDITIONNELLE (KOHA) |
| Source de la classification ou du système de rangement |
|
| Type d item koha |
BOOK |